Statystyki dla Kierowcy F1 2022

Kliknij tutaj aby rozwiązać quiz!

Ogólne statystyki

  • Ten quiz został rozwiązany 162 razy
  • Średni wynik to 17 z 20

Statystyki odpowiedzi

ZespółKierowca% Poprawnych
MercedesLewis Hamilton
99%
Red BullMax Verstappen
99%
Red BullSergio Perez
97%
FerrariCarlos Sainz
94%
FerrariCharles Leclerc
94%
McLarenLando Norris
94%
AlpineFernando Alonso
87%
MercedesGeorge Russell
87%
Alfa RomeoValtteri Bottas
87%
Aston MartinSebastian Vettel
85%
HaasKevin Magnussen
83%
AlphaTauriPierre Gasly
83%
AlphaTauriYuki Tsunoda
83%
Aston MartinLance Stroll
79%
AlpineEsteban Ocon
78%
WilliamsAlex Albon
77%
Alfa RomeoGuanyu Zhou
75%
HaasMick Schumacher
75%
WilliamsNicholas Latifi
74%
McLarenDaniel Ricciardo
69%

Rozkład punktacji

Percentyl według liczby udzielonych odpowiedzi

Procent ludzi z każdym wynikiem

Twoja historia wyników

Nie rozwiązałeś tego quizu